Score 0/14 Timer 05:00
0 Plays Today
Scrambled Movie Title Unscrambled Movie Title % Correct
IGBBIG
99.7%
KILMMILK
99.3%
KESHRSHREK
86.9%
LUISQLQUILLS
74.5%
TABIRYLHNLABYRINTH
61.3%
INNKPIGKINGPIN
58.5%
CHATSNSNATCH
58.2%
Scrambled Movie Title Unscrambled Movie Title % Correct
NATICTITITANIC
54.7%
LAMEBATLSMEATBALLS
49.4%
EATBEHRAVRBRAVEHEART
36.8%
OZONERADLZOOLANDER
22.1%
RUBEATKOOUTBREAK
20.8%
POTIANTADAADAPTATION
10.3%
REDPAROTPREDATOR
9%
Remove Ads.
Support Sporcle.
Get the best of Sporcle when you Go Orange. This ad-free experience offers more features, more stats, and more fun while also helping to support Sporcle. Thank you for becoming a member.

You're not logged in!

Compare scores with friends on all Sporcle quizzes.
OR
Log In

Show Comments

Extras

Top Quizzes Today


Score Distribution

Your Account Isn't Verified!

In order to create a playlist on Sporcle, you need to verify the email address you used during registration. Go to your Sporcle Settings to finish the process.

Report this User

Report this user for behavior that violates our Community Guidelines.

Details: